000 01609cam a2200349 a 4500
001 3476475
003 ARRUPE
005 20220504075856.0
008 930526s1992 enkab b 001 0 eng
010 _a 93158686
020 _a0435948113 (Heinemann)
020 _a0520039165 (University of California Press)
020 _a923101711X (UNESCO)
040 _aDLC
_cDLC
_dDLC
043 _af------
050 0 0 _aDT20
_b.G45 1981 vol. 5
082 0 0 _a960 s
_a960/.22
_220
245 0 0 _aAfrica from the sixteenth to the eighteenth century /
_ceditor, B.A. Ogot.
260 _aLondon :
_bHeinemann ;
_aBerkeley, Calif., U.S.A. :
_bUniversity of California Press ;
_aParis :
_bUNESCO,
_c1992.
300 _axxxi, 1045 p. :
_bill., maps ;
_c25 cm.
440 0 _aGeneral history of Africa ;
_v5
_950604
500 _aCorrigendum inserted.
500 _aAt head of title: International Scientific Committee for the Drafting of a General History of Africa (Unesco).
504 _aIncludes bibliographical references (p. 912-962) and index.
651 0 _aAfrica
_xHistory
_yTo 1884.
_951387
700 1 _aOgot, Bethwell A.
_931075
710 2 _aUnesco.
_bInternational Scientific Committee for the Drafting of a General History of Africa.
_950605
856 4 2 _3Publisher description
_uhttp://www.loc.gov/catdir/description/ucal041/93158686.html
906 _a7
_bcbc
_corignew
_d2
_encip
_f19
_gy-gencatlg
942 _2lcc
_cMONOGRAPH
999 _c131331
_d131331